The healthy workplace : (Record no. 3189)

000 -LEADER
fixed length control field nam a22 7a 4500
005 - DATE AND TIME OF LATEST TRANSACTION
control field 20170519161840.0
008 - FIXED-LENGTH DATA ELEMENTS--GENERAL INFORMATION
fixed length control field 170519b1987 ny ||||| |||| 00| 0 eng d
020 ## - INTERNATIONAL STANDARD BOOK NUMBER
International Standard Book Number 0471845310
040 ## - CATALOGING SOURCE
Original cataloging agency AKMAL
082 ## - DEWEY DECIMAL CLASSIFICATION NUMBER
Classification number 658.382 KIZ
090 ## - LOCALLY ASSIGNED LC-TYPE CALL NUMBER (OCLC); LOCAL CALL NUMBER (RLIN)
Classification number (OCLC) (R) ; Classification number, CALL (RLIN) (NR) 658.382
Local cutter number (OCLC) ; Book number/undivided call number, CALL (RLIN) KIZ
100 1# - MAIN ENTRY--PERSONAL NAME
Personal name Kizer, William M.
9 (RLIN) 6564
245 14 - TITLE STATEMENT
Title The healthy workplace :
Remainder of title a blueprint for corporate action /
Statement of responsibility, etc. William M. Kizer.
260 ## - PUBLICATION, DISTRIBUTION, ETC.
Place of publication, distribution, etc. New York :
Name of publisher, distributor, etc. Wiley,
Date of publication, distribution, etc. c1987
300 ## - PHYSICAL DESCRIPTION
Extent xxiii, 187 p. :
Other physical details ill. ;
Dimensions 24 cm
500 ## - GENERAL NOTE
General note Includes index.
504 ## - BIBLIOGRAPHY, ETC. NOTE
Bibliography, etc. note Bibliography: p. 167-178.
650 #0 - SUBJECT ADDED ENTRY--TOPICAL TERM
Topical term or geographic name entry element Occupational health services.
9 (RLIN) 6565
650 #0 - SUBJECT ADDED ENTRY--TOPICAL TERM
Topical term or geographic name entry element Employee assistance programs
9 (RLIN) 6566
650 #0 - SUBJECT ADDED ENTRY--TOPICAL TERM
Topical term or geographic name entry element Employee health promotion.
9 (RLIN) 6567
650 #2 - SUBJECT ADDED ENTRY--TOPICAL TERM
Topical term or geographic name entry element Health Promotion
Geographic subdivision United States
9 (RLIN) 6568
650 #2 - SUBJECT ADDED ENTRY--TOPICAL TERM
Topical term or geographic name entry element Occupational Health Services
Geographic subdivision United States
9 (RLIN) 6569
650 #2 - SUBJECT ADDED ENTRY--TOPICAL TERM
Topical term or geographic name entry element Preventive Health Services
Geographic subdivision nited States
9 (RLIN) 6570
942 ## - ADDED ENTRY ELEMENTS (KOHA)
Source of classification or shelving scheme
Koha item type Book
Holdings
Withdrawn status Lost status Source of classification or shelving scheme Damaged status Not for loan Collection code Home library Current library Shelving location Date acquired Inventory number Total Checkouts Full call number Barcode Date last seen Price effective from Koha item type
          NON-FICTION AKMAL Melaka AKMAL Melaka PINJAMAN 19.05.2017 601327   658.382 KIZ 201703961 19.05.2017 19.05.2017 Book
Pusat Sumber Maklumat Dato' Haji Sarmin Md Hussin, Akademi Kastam Diraja Malaysia, Melaka
Tel: 06-2331106 | Faks: 06-2313787